000 00520nam a2200217Ia 4500
003 OSt
005 20220918201002.0
006 a|||||r|||| 00| 0
007 ta
008 220917b |||||||| |||| 00| 0 eng d
024 _a91,075
037 _cTextual
040 _aARTS
_cARTS
_beng
041 _2eng
_aeng
082 _aVxM89:9, H9
245 0 _aPattern of the past
_b can we determine it
260 _c1949
650 _aHISTORY
942 _hVxM89:9, H9
_cTEXL
_2CC
999 _c214735
_d214735